Przystanki linii autobusowej 105 Warszawa - Statystyki

Ogólne statystyki
  • Ten quiz został rozwiązany 26 razy
    18 od ostatniego zresetowania
  • Średni wynik to 15 z 23
Statystyki odpowiedzi
Ulica NŻ? Jednokierunkowy? Odpowiedź % Poprawnych
Lazurowa, Połczyńska Tak Nie Lazurowa
92%
Prosta Nie Tak Rondo Daszyńskiego
85%
Prosta Nie Nie Rondo Daszyńskiego
85%
Połczyńska Nie Nie Ciepłownia Wola
77%
Lazurowa Tak Nie Człuchowska
77%
Wolska, Hubalczyków Nie Nie Fort Wola
77%
Hubalczyków, Kazimierza Nie Nie Hubalczyków
77%
Kazimierza Nie Nie Jana Kazimierza
77%
Górczewska Nie Nie Os. Górczewska
77%
Górczewska, Lazurowa Nie Nie Os. Górczewska
77%
Lazurowa Nie Nie Batalionów Chłopskich
69%
Połczyńska Nie Nie Drzeworytników
69%
Prosta Nie Tak Karolkowa
69%
Kasprzaka Nie Nie PKP Wola (Kasprzaka)
69%
Lazurowa Nie Nie Sternicza
69%
Kasprzaka Nie Nie Szpital Wolski
69%
Kasprzaka, Kazimierza Nie Nie Ordona-WSA
62%
Połczyńska Tak Nie P+R Połczyńska
62%
Lazurowa Nie Nie Szobera
62%
Połczyńska Tak Nie Tkaczy
62%
Lazurowa Nie Nie Siemiatycka
54%
Kazimierza Nie Nie Gizów
15%
Kazimierza Nie Nie Goleszowska
8%
Nie znaleziono quizów pasujących do podanych kryteriów
Rozkład punktacji
Procent ludzi z każdym wynikiem
Percentyl według liczby udzielonych odpowiedzi
Twoja historia wyników
Nie rozwiązałeś tego quizu od ostatniego zresetowania